[Event "DEM U12"]
[Site "Willingen"]
[Date "2006.06.07"]
[Round "7.8"]
[White "Schulz, Anja"]
[Black "Berchtenbreiter, Maximilian"]
[Result "0-1"]
[WhiteElo "1585"]
[BlackElo "1999"]
[PlyCount "74"]
[EventDate "2006.??.??"]
[EventType "swiss"]
[EventRounds "11"]
[EventCountry "GER"]

1. e4 c5 2. Nf3 e6 3. d4 cxd4 4. Nxd4 Qb6 5. Nc3 Bc5 6. Na4 Qa5+ 7. c3 Bxd4 8.
Qxd4 Nf6 9. Nc5 Nc6 10. Qe3 d5 11. Nb3 Qc7 12. Bd3 dxe4 13. Bxe4 Nxe4 14. Qxe4
O-O 15. O-O b6 16. Rd1 Bb7 17. Qg4 Rad8 18. Bh6 f5 19. Qf4 Qf7 20. Bg5 Rxd1+
21. Rxd1 h6 22. Bxh6 gxh6 23. Qxh6 Qf6 24. Qf4 Rf7 25. f3 Rg7 26. Kf2 e5 27.
Qc4+ Kh8 28. g3 Rh7 29. Kg2 Qh6 30. Rh1 f4 31. Qd3 Qh3+ 32. Kg1 Rd7 33. Qe2 Ba6
34. Qe1 Bd3 35. Nd2 e4 36. Nxe4 Bxe4 37. fxe4 Ne5 0-1

[Event "DEM U12"]
[Site "Willingen"]
[Date "2006.06.07"]
[Round "7.9"]
[White "Pauly, Carlo"]
[Black "Klek, Hanna-Marie"]
[Result "1-0"]
[WhiteElo "1577"]
[BlackElo "1668"]
[PlyCount "145"]
[EventDate "2006.??.??"]
[EventType "swiss"]
[EventRounds "11"]
[EventCountry "GER"]

1. c4 e5 2. Nc3 Nc6 3. g3 g6 4. Bg2 Bg7 5. d3 f5 6. Nf3 Nf6 7. O-O d6 8. a3 O-O
9. Rb1 Be6 10. Qc2 Qd7 11. Ng5 Kh8 12. Nxe6 Qxe6 13. e3 Rae8 14. b4 h6 15. Bb2
Nh5 16. Nd5 Qd7 17. f4 exf4 18. exf4 Nd4 19. Bxd4 Bxd4+ 20. Kh1 c6 21. Nc3 Bg7
22. Rfe1 Rf7 23. Na2 Rfe7 24. Qd2 Nf6 25. h3 d5 26. Qf2 dxc4 27. dxc4 Ne4 28.
Bxe4 fxe4 29. Qg2 Qd3 30. Qe2 Qxg3 31. Qh2 Qxa3 32. Rbd1 Qf3+ 33. Kg1 Rf8 34.
Rf1 Qe3+ 35. Kh1 Qb3 36. Rc1 Bb2 37. Rb1 Qxa2 38. Rxb2 Qxc4 39. Rbf2 e3 40. Re2
Qxb4 41. Qg3 Qe4+ 42. Kh2 a5 43. Rf3 Qf5 44. Qh4 Rh7 45. Rexe3 b5 46. Re5 Qc2+
47. Rf2 Qc4 48. Qg3 Rg7 49. Qe3 b4 50. f5 gxf5 51. Qxh6+ Kg8 52. Re7 Qc3 53.
Rxg7+ Qxg7 54. Rg2 Qxg2+ 55. Kxg2 Rf7 56. Qxc6 Kg7 57. Qc5 Rb7 58. Qd5 Re7 59.
Qxa5 Kf6 60. Qxb4 Rg7+ 61. Kf3 Kg6 62. Kf4 Rf7 63. Qd6+ Kg7 64. h4 Kh7 65. h5
Kg7 66. Qg6+ Kh8 67. Ke5 Rg7 68. Qf6 Kg8 69. h6 Rg1 70. Qxf5 Re1+ 71. Kf6 Rg1
72. Qf2 Rg4 73. Kf5 1-0

[Event "DEM U12"]
[Site "Willingen"]
[Date "2006.06.07"]
[Round "7.11"]
[White "Petkidis, Anthony"]
[Black "Weber, Max"]
[Result "1-0"]
[WhiteElo "1585"]
[BlackElo "1333"]
[PlyCount "53"]
[EventDate "2006.??.??"]
[EventType "swiss"]
[EventRounds "11"]
[EventCountry "GER"]

1. e4 e6 2. d4 d5 3. Bd3 Nf6 4. e5 Nfd7 5. f4 c5 6. c3 Nc6 7. Nf3 Be7 8. O-O f5
9. exf6 Nxf6 10. a3 c4 11. Bc2 O-O 12. Ne5 Bd7 13. Qe2 Re8 14. Nd2 Bd6 15. Ndf3
Re7 16. Ng5 h6 17. Ngf3 Be8 18. Ng6 Bxg6 19. Bxg6 Nd7 20. Ne5 Bxe5 21. fxe5 Nf8
22. Bc2 Qd7 23. Qg4 g5 24. Rf6 Nh7 25. Rxh6 Kf8 26. Bxg5 Nxg5 27. Qxg5 1-0

[Event "DEM U12"]
[Site "Willingen"]
[Date "2006.06.07"]
[Round "7.12"]
[White "Gisy, Roberto"]
[Black "Ma, Beini"]
[Result "1/2-1/2"]
[WhiteElo "1540"]
[BlackElo "1960"]
[PlyCount "96"]
[EventDate "2006.??.??"]
[EventType "swiss"]
[EventRounds "11"]
[EventCountry "GER"]

1. e4 c5 2. c3 d5 3. exd5 Qxd5 4. d4 Nf6 5. Nf3 Bg4 6. Be2 e6 7. O-O Nc6 8. Be3
cxd4 9. Nxd4 Bxe2 10. Qxe2 Bc5 11. Rd1 Rd8 12. Na3 Bxa3 13. Nxc6 Qxc6 14. Rxd8+
Kxd8 15. Rd1+ Ke7 16. bxa3 Nd5 17. Qg4 Qxc3 18. Bd4 Qc2 19. Qg5+ Kd7 20. Rc1
Qg6 21. Qd2 b6 22. Qb2 Qd3 23. Bxg7 Rc8 24. h3 Nf4 25. Rxc8 Ne2+ 26. Kh2 Kxc8
27. Qb3 Qxb3 28. axb3 Kc7 29. h4 Kc6 30. Kh3 Nc1 31. Kg4 Nxb3 32. Kh5 Nd2 33.
Kh6 Ne4 34. Kxh7 Nxf2 35. h5 Ng4 36. h6 Kd5 37. Kg8 Nxh6+ 38. Bxh6 f5 39. Kf7
b5 40. Kf6 a6 41. Bd2 Kd6 42. Bf4+ Kd5 43. g3 Ke4 44. Kxe6 a5 45. Bd2 b4 46.
axb4 axb4 47. Bxb4 f4 48. g4 f3 1/2-1/2

[Event "DEM U12"]
[Site "Willingen"]
[Date "2006.06.07"]
[Round "7.13"]
[White "Friedrich, Wiede"]
[Black "Iwanziw, Niklas"]
[Result "1-0"]
[WhiteElo "1933"]
[BlackElo "1515"]
[PlyCount "87"]
[EventDate "2006.??.??"]
[EventType "swiss"]
[EventRounds "11"]
[EventCountry "GER"]

1. e4 c5 2. Nf3 d6 3. d4 cxd4 4. Nxd4 Nf6 5. Nc3 a6 6. Be3 e5 7. Nb3 Be6 8. f3
Nbd7 9. Qd2 b5 10. O-O-O Nb6 11. Qf2 Nc4 12. Bxc4 bxc4 13. Nc5 Nd7 14. Nxe6
fxe6 15. Kb1 Nf6 16. Qe2 Qc7 17. g4 Be7 18. h4 O-O 19. h5 Qc6 20. g5 Ne8 21.
Rhf1 Nc7 22. g6 h6 23. Qd2 Rfd8 24. Bxh6 d5 25. exd5 exd5 26. Bg5 Bxg5 27. Qxg5
d4 28. Ne4 Qb5 29. Qc1 Nd5 30. Rh1 Nf4 31. c3 Rab8 32. cxd4 Nd3 33. Qc2 exd4
34. Rh2 a5 35. Ka1 a4 36. Rb1 Nb4 37. Qc1 d3 38. a3 Nc2+ 39. Rxc2 dxc2 40. Qxc2
Qb3 41. Qe2 Rdc8 42. Nd6 c3 43. Nxc8 c2 44. Qe8# 1-0

[Event "DEM U12"]
[Site "Willingen"]
[Date "2006.06.07"]
[Round "7.14"]
[White "Davydov, Ruven"]
[Black "Kotainy, Jens"]
[Result "1/2-1/2"]
[WhiteElo "1532"]
[BlackElo "1835"]
[PlyCount "112"]
[EventDate "2006.??.??"]
[EventType "swiss"]
[EventRounds "11"]
[EventCountry "GER"]

1. e4 c5 2. Nf3 e6 3. d4 cxd4 4. Nxd4 a6 5. Nc3 Qc7 6. Be3 Nf6 7. a3 Bc5 8. Be2
O-O 9. O-O d6 10. Bg5 Nbd7 11. Nb3 b5 12. Bf3 Bb7 13. Nxc5 dxc5 14. Re1 Rfd8
15. Qe2 h6 16. Bh4 Ne5 17. Bxf6 gxf6 18. Qe3 Nxf3+ 19. Qxf3 Qe5 20. Qe3 Kh7 21.
f3 Qd4 22. Rad1 Qxe3+ 23. Rxe3 Rxd1+ 24. Nxd1 c4 25. Kf2 Kg6 26. Nc3 Rd8 27.
Re2 Bc6 28. Ke3 f5 29. Rd2 Rxd2 30. Kxd2 fxe4 31. Nxe4 Bxe4 32. fxe4 Kf6 33.
Ke2 Ke5 34. Ke3 h5 35. g3 f6 36. h3 f5 37. exf5 Kxf5 38. Kd4 Kf6 39. Ke4 e5 40.
g4 hxg4 41. hxg4 Kg5 42. b3 cxb3 43. cxb3 Kxg4 44. Kxe5 Kf3 45. Kd4 Ke2 46. a4
bxa4 47. bxa4 Kf3 48. Kd5 Kf4 49. a5 Kf5 50. Kd6 Kf6 51. Kc7 Ke7 52. Kb7 Kd7
53. Kxa6 Kc6 54. Ka7 Kc7 55. a6 Kc8 56. Kb6 Kb8 1/2-1/2

[Event "DEM U12"]
[Site "Willingen"]
[Date "2006.06.07"]
[Round "7.15"]
[White "Göbel, Constantin"]
[Black "Kusmierek, Kasper"]
[Result "1/2-1/2"]
[WhiteElo "1639"]
[BlackElo "1475"]
[PlyCount "91"]
[EventDate "2006.??.??"]
[EventType "swiss"]
[EventRounds "11"]
[EventCountry "GER"]

1. e4 c5 2. Nf3 Nc6 3. d4 cxd4 4. Nxd4 g6 5. c4 Bg7 6. Nc2 Nf6 7. Nc3 O-O 8.
Be2 d6 9. O-O Be6 10. Bd2 Rc8 11. Rb1 Kh8 12. f3 Bd7 13. b3 e6 14. Qe1 Be8 15.
Rd1 Qe7 16. Bf4 Rd8 17. Kh1 Rd7 18. Rf2 Qd8 19. Nb5 d5 20. cxd5 exd5 21. exd5
Nxd5 22. Bd6 Rxd6 23. Nxd6 Qxd6 24. Bc4 Nce7 25. Qe4 Bc6 26. Qd3 Qc5 27. Rff1
Nb4 28. Nxb4 Qxb4 29. Rfe1 Nf5 30. Bd5 Bxd5 31. Qxd5 Qb6 32. Qe4 Qa5 33. Re2 h5
34. Qxb7 Rd8 35. Rxd8+ Qxd8 36. Qe4 Qa5 37. b4 Qa3 38. Qc4 Nd6 39. Qf4 Bc3 40.
h4 Bxb4 41. Kh2 Bc3 42. Re3 Qc5 43. Rxc3 Qxc3 44. Qxd6 Qc4 45. a3 Qxh4+ 46. Kg1
1/2-1/2

[Event "DEM U12"]
[Site "Willingen"]
[Date "2006.06.07"]
[Round "7.16"]
[White "Wendling, Florian"]
[Black "Matschewsky, Justus"]
[Result "1-0"]
[WhiteElo "1628"]
[BlackElo "1449"]
[PlyCount "71"]
[EventDate "2006.??.??"]
[EventType "swiss"]
[EventRounds "11"]
[EventCountry "GER"]

1. e4 e5 2. Bc4 Nf6 3. d3 Nc6 4. Nf3 d6 5. c3 Bg4 6. Nbd2 Be7 7. h3 Bh5 8. Bb3
O-O 9. Qe2 d5 10. Nf1 dxe4 11. dxe4 Qd6 12. g4 Bg6 13. Ng3 h6 14. Bd2 Rfb8 15.
Nf5 Qd7 16. O-O-O Bxf5 17. gxf5 Qe8 18. Rdg1 Kh8 19. Rg2 Bf8 20. Rhg1 a5 21.
Nh2 Ne7 22. Ng4 Neg8 23. f4 exf4 24. Bxf4 Nxe4 25. Bxc7 Rc8 26. Be5 Nc5 27. Bc2
Nd7 28. Ba4 f6 29. Rd1 Rd8 30. Bc7 Qf7 31. Bb3 Qh5 32. Bxd8 Rxd8 33. Rxd7 Rxd7
34. Bxg8 Qxf5 35. Be6 Qg5+ 36. Ne3 1-0

[Event "DEM U12"]
[Site "Willingen"]
[Date "2006.06.07"]
[Round "7.17"]
[White "Stark, Saskia"]
[Black "Müller, Tobias"]
[Result "1/2-1/2"]
[WhiteElo "1484"]
[BlackElo "1620"]
[PlyCount "81"]
[EventDate "2006.??.??"]
[EventType "swiss"]
[EventRounds "11"]
[EventCountry "GER"]

1. e4 c5 2. Nc3 Nc6 3. g3 g6 4. Bg2 Bg7 5. d3 e6 6. Be3 d6 7. f4 Nge7 8. Nf3
Nd4 9. O-O Rb8 10. Qd2 b5 11. Nd1 O-O 12. c3 Nxf3+ 13. Bxf3 b4 14. d4 bxc3 15.
bxc3 cxd4 16. Bxd4 Bxd4+ 17. Qxd4 Qb6 18. Qxb6 Rxb6 19. Ne3 Rd8 20. Rfd1 Ba6
21. c4 Rbb8 22. Rd2 Rbc8 23. Be2 d5 24. Rad1 Kg7 25. cxd5 Bxe2 26. Rxe2 exd5
27. Red2 Rc5 28. Nxd5 Nxd5 29. exd5 Rd6 30. Kf2 Kf8 31. Ke3 f5 32. Rd3 Ke7 33.
R1d2 Kd8 34. Ra3 a5 35. Rad3 Ke7 36. Ke2 Kd8 37. Kd1 Kd7 38. Rd4 Kd8 39. R2d3
Kd7 40. Kd2 Kd8 41. Ke2 1/2-1/2

[Event "DEM U12"]
[Site "Willingen"]
[Date "2006.06.07"]
[Round "7.18"]
[White "Lindner, Sebastian"]
[Black "Mons, Leon"]
[Result "0-1"]
[WhiteElo "1496"]
[BlackElo "1588"]
[PlyCount "102"]
[EventDate "2006.??.??"]
[EventType "swiss"]
[EventRounds "11"]
[EventCountry "GER"]

1. d4 d5 2. c4 e6 3. Nc3 Be7 4. Nf3 Nf6 5. Bg5 h6 6. Bh4 O-O 7. e3 b6 8. Bd3
Bb7 9. O-O Nbd7 10. Rc1 dxc4 11. Bxc4 c5 12. Qe2 cxd4 13. Nxd4 Ne5 14. Bb3 Ng6
15. Bg3 Bc5 16. Rfd1 Qe7 17. Na4 Bxd4 18. Rxd4 Rac8 19. Rcd1 Rfd8 20. Qd2 Rxd4
21. Qxd4 Bd5 22. Bxd5 Nxd5 23. e4 Ndf4 24. Qd2 e5 25. Bxf4 Nxf4 26. g3 Ne6 27.
Nc3 Nd4 28. Nd5 Qd6 29. Qd3 Kh8 30. Qa6 Qd7 31. Qd3 Rc2 32. Rb1 Rc7 33. Nc3 Qc6
34. Rd1 Qc4 35. Qe3 b5 36. Qd3 Kg8 37. Nd5 Qxd3 38. Rxd3 Rc2 39. f4 f6 40. fxe5
fxe5 41. Ra3 Rxb2 42. Rxa7 Nf3+ 43. Kf1 Nxh2+ 44. Kg1 Nf3+ 45. Kf1 Ng5 46. Ne7+
Kh8 47. Ng6+ Kh7 48. Nxe5 Nxe4 49. g4 Nc3 50. a3 Ra2 51. Ra5 Rb2 0-1

[Event "DEM U12"]
[Site "Willingen"]
[Date "2006.06.07"]
[Round "7.19"]
[White "Volz, Daniel"]
[Black "Kreiter, Thomas"]
[Result "0-1"]
[WhiteElo "1455"]
[BlackElo "1561"]
[PlyCount "64"]
[EventDate "2006.??.??"]
[EventType "swiss"]
[EventRounds "11"]
[EventCountry "GER"]

1. e4 c5 2. Nf3 e6 3. d4 cxd4 4. Nxd4 Nf6 5. Nc3 Nc6 6. Be3 Bb4 7. Nxc6 bxc6 8.
f3 d5 9. exd5 cxd5 10. Bd4 O-O 11. a3 Be7 12. Be2 Qc7 13. Qd2 a6 14. O-O-O e5
15. Bf2 d4 16. Na2 Be6 17. Kb1 Rab8 18. Ka1 Qb7 19. Rb1 Nd7 20. g4 Nc5 21. h4
Qd5 22. b3 Qb7 23. g5 Bxb3 24. cxb3 Nxb3+ 25. Rxb3 Qxb3 26. Bd3 Qxa3 27. g6 Bb4
28. gxh7+ Kh8 29. Qb2 Bc3 30. Qxc3 dxc3 31. Rb1 Rxb1+ 32. Kxb1 Qb2# 0-1

[Event "DEM U12"]
[Site "Willingen"]
[Date "2006.06.07"]
[Round "7.20"]
[White "Alber, Alexander"]
[Black "Risius, Philipp"]
[Result "0-1"]
[WhiteElo "1398"]
[BlackElo "1557"]
[PlyCount "132"]
[EventDate "2006.??.??"]
[EventType "swiss"]
[EventRounds "11"]
[EventCountry "GER"]

1. Nf3 Nc6 2. d4 d5 3. c4 Bg4 4. e3 Nf6 5. Nc3 e6 6. Bd3 Bb4 7. O-O dxc4 8.
Bxc4 O-O 9. a3 Bd6 10. h3 Bh5 11. Be2 Bg6 12. Nh4 Ne4 13. Nxg6 Nxc3 14. bxc3
fxg6 15. Qb3 Qc8 16. Bg4 Re8 17. d5 Nd8 18. e4 h5 19. Be2 exd5 20. Qxd5+ Qe6
21. Qxe6+ Nxe6 22. Bb2 Nc5 23. Bc4+ Kh7 24. f3 Na4 25. Rab1 Nxb2 26. Rxb2 Bxa3
27. Rxb7 Bc5+ 28. Kh1 Bb6 29. Bd5 Rad8 30. c4 a5 31. Rc1 Be3 32. Rc3 Bf4 33.
Ra7 c6 34. Rd3 cxd5 35. cxd5 Rc8 36. Rd1 Ra8 37. Rxa8 Rxa8 38. Kg1 a4 39. Ra1
a3 40. Ra2 Be5 41. Kf2 Bb2 42. Ke2 Kg8 43. Kd3 Rc8 44. f4 Kf7 45. e5 Rc5 46.
Ke4 Rc4+ 47. Kf3 Rd4 48. d6 Ke6 49. g3 Rd1 50. Kg2 Ra1 51. Rxa1 Bxa1 52. g4
hxg4 53. hxg4 Bxe5 54. fxe5 a2 55. d7 Kxd7 56. e6+ Kxe6 57. g5 a1=Q 58. Kg3 Kf5
59. Kh4 Qd4+ 60. Kg3 Qf4+ 61. Kg2 Qe3 62. Kh1 Qe2 63. Kg1 Kg4 64. Kh1 Kg3 65.
Kg1 Kh3 66. Kh1 Qh2# 0-1

[Event "DEM U12"]
[Site "Willingen"]
[Date "2006.06.07"]
[Round "7.21"]
[White "Gerntke, Oliver"]
[Black "Babayev, Ramil"]
[Result "1/2-1/2"]
[WhiteElo "1352"]
[BlackElo "1553"]
[PlyCount "52"]
[EventDate "2006.??.??"]
[EventType "swiss"]
[EventRounds "11"]
[EventCountry "GER"]

1. d4 d5 2. c4 Nc6 3. Nf3 Bg4 4. e3 e6 5. cxd5 Qxd5 6. Nc3 Bb4 7. Bd2 Bxc3 8.
Bxc3 Nf6 9. Be2 O-O 10. O-O Rad8 11. Nd2 Bxe2 12. Qxe2 Rfe8 13. Qf3 Qg5 14. Qg3
Qxg3 15. hxg3 Nd5 16. Rac1 e5 17. Nb3 e4 18. Nc5 b6 19. Nb3 Nce7 20. Rc2 Nf5
21. Bd2 Nd6 22. Rfc1 Re6 23. a3 Nb7 24. Kf1 Rf6 25. Rc6 Rdd6 26. Rxd6 Rxd6
1/2-1/2

[Event "DEM U12"]
[Site "Willingen"]
[Date "2006.06.07"]
[Round "7.22"]
[White "Sancar, Alina"]
[Black "Schindlbeck, Tobias"]
[Result "0-1"]
[WhiteElo "1330"]
[BlackElo "1551"]
[PlyCount "56"]
[EventDate "2006.??.??"]
[EventType "swiss"]
[EventRounds "11"]
[EventCountry "GER"]

1. e4 c5 2. Nf3 d6 3. Nc3 Nc6 4. Bb5 g6 5. O-O Bg7 6. d4 cxd4 7. Nxd4 Bd7 8.
Be3 Nf6 9. Qd2 O-O 10. Bxc6 bxc6 11. f3 c5 12. Nb3 Rb8 13. Rab1 Qc7 14. Rfd1
Rb7 15. e5 Ne8 16. exd6 exd6 17. Nd5 Qb8 18. Qe2 Be6 19. c4 Nf6 20. Nxf6+ Bxf6
21. Bf4 Rd7 22. Rd2 Rfd8 23. Kh1 Qb4 24. Rc1 d5 25. cxd5 Qxf4 26. g3 Qh6 27.
Nxc5 Rxd5 28. Ne4 Rxd2 0-1

[Event "DEM U12"]
[Site "Willingen"]
[Date "2006.06.07"]
[Round "7.23"]
[White "Bading, Kenneth"]
[Black "Maier, Florian"]
[Result "1-0"]
[WhiteElo "1553"]
[BlackElo "1404"]
[PlyCount "63"]
[EventDate "2006.??.??"]
[EventType "swiss"]
[EventRounds "11"]
[EventCountry "GER"]

1. e4 c6 2. d4 d5 3. exd5 cxd5 4. Bd3 Nf6 5. Nf3 e6 6. Bf4 Nc6 7. c3 Bd6 8.
Bxd6 Qxd6 9. O-O O-O 10. Nbd2 b6 11. Re1 Bb7 12. Nf1 Rac8 13. Ng3 Rfe8 14. Qd2
h6 15. Ne5 Nd7 16. Nxd7 Qxd7 17. Qf4 Qc7 18. Qxc7 Rxc7 19. f4 Rec8 20. f5 Re7
21. fxe6 fxe6 22. Bb5 Nd8 23. Nf5 Rcc7 24. Nh4 Rf7 25. Nf3 Rfe7 26. Re3 Nf7 27.
Rae1 Bc6 28. Bd3 Bd7 29. Nh4 Re8 30. Ng6 a5 31. Nf4 Nd8 32. Nxd5 1-0

[Event "DEM U12"]
[Site "Willingen"]
[Date "2006.06.07"]
[Round "7.24"]
[White "Quaschner, Manuel"]
[Black "Schmitz, Stefan"]
[Result "1/2-1/2"]
[WhiteElo "1394"]
[BlackElo "1526"]
[PlyCount "43"]
[EventDate "2006.??.??"]
[EventType "swiss"]
[EventRounds "11"]
[EventCountry "GER"]

1. e4 e5 2. Nf3 Nc6 3. Bc4 Nf6 4. Ng5 Bc5 5. Bxf7+ Ke7 6. Bd5 Rf8 7. O-O h6 8.
Nf3 d6 9. b3 Qe8 10. Nc3 Qg6 11. Kh1 Nh5 12. Nh4 Qg5 13. Nf5+ Bxf5 14. exf5
Qxf5 15. Bf3 g6 16. Ne2 Nd4 17. Nxd4 Bxd4 18. c3 Bb6 19. d4 Rad8 20. Be3 Nf4
21. Bxf4 Qxf4 22. Qe2 1/2-1/2

[Event "DEM U12"]
[Site "Willingen"]
[Date "2006.06.07"]
[Round "7.25"]
[White "Miller, Eduard"]
[Black "Orhan, Eda"]
[Result "1-0"]
[WhiteElo "1525"]
[BlackElo "1391"]
[PlyCount "73"]
[EventDate "2006.??.??"]
[EventType "swiss"]
[EventRounds "11"]
[EventCountry "GER"]

1. e4 d5 2. exd5 Qxd5 3. Nc3 Qa5 4. d4 c6 5. Bd2 Bf5 6. Bc4 Qc7 7. Nge2 e6 8.
Be3 Nf6 9. a3 Nbd7 10. Qd2 Be7 11. h3 Bg6 12. b4 b5 13. Bd3 a5 14. O-O O-O 15.
Bf4 Qb7 16. Rab1 axb4 17. axb4 Nd5 18. Nxd5 exd5 19. c3 Nf6 20. f3 Qd7 21. Rfe1
Bd6 22. Be5 Qe7 23. Nf4 Bxd3 24. Nxd3 Bxe5 25. dxe5 Nd7 26. Re2 Nb6 27. Rbe1
Nc4 28. Qf4 Ra3 29. Qd4 Qa7 30. Nc5 Ra1 31. e6 Rxe1+ 32. Rxe1 f6 33. Qg4 Ne5
34. Qh5 Nd3 35. e7 g6 36. exf8=Q+ Kxf8 37. Qh6+ 1-0

[Event "DEM U12"]
[Site "Willingen"]
[Date "2006.06.07"]
[Round "7.26"]
[White "Marquardt, Patrick"]
[Black "Schmitt, Katrin"]
[Result "1-0"]
[WhiteElo "1505"]
[BlackElo "1380"]
[PlyCount "65"]
[EventDate "2006.??.??"]
[EventType "swiss"]
[EventRounds "11"]
[EventCountry "GER"]

1. e4 e5 2. Nf3 Nc6 3. Bc4 Bc5 4. c3 Nf6 5. d4 exd4 6. cxd4 Bb4+ 7. Nc3 Nxe4 8.
O-O Bxc3 9. d5 Ne5 10. bxc3 Nxc4 11. Qd4 O-O 12. Qxe4 Nd6 13. Qd3 b6 14. Ng5 f5
15. Re1 h6 16. Nf3 Bb7 17. Ba3 Qf6 18. Ne5 Rad8 19. Re3 Rfe8 20. Rae1 a6 21.
Bxd6 Qxd6 22. c4 Qf6 23. Nxd7 Qf7 24. Ne5 Qf6 25. f4 c6 26. Rg3 Qf8 27. Qb3
Qc5+ 28. Kh1 cxd5 29. Rg6 dxc4 30. Qh3 Qf2 31. Qc3 Qxf4 32. Rxg7+ Kf8 33. Ng6#
1-0

[Event "DEM U12"]
[Site "Willingen"]
[Date "2006.06.07"]
[Round "7.27"]
[White "Rosenkranz, Christian"]
[Black "Böhme, Lasse"]
[Result "1-0"]
[WhiteElo "1495"]
[BlackElo "1378"]
[PlyCount "95"]
[EventDate "2006.??.??"]
[EventType "swiss"]
[EventRounds "11"]
[EventCountry "GER"]

1. e4 e5 2. d4 exd4 3. c3 dxc3 4. Bc4 Nc6 5. Nf3 Bc5 6. Bxf7+ Kxf7 7. Qd5+ Ke8
8. Qxc5 d6 9. Qxc3 Qf6 10. Bg5 Qxc3+ 11. Nxc3 Nf6 12. Bxf6 gxf6 13. Nd5 Kd8 14.
Nxf6 Ne5 15. Nxe5 dxe5 16. Rd1+ Ke7 17. Nd5+ Kf7 18. Nxc7 Rb8 19. O-O Be6 20.
a3 Rbc8 21. Nb5 Rc2 22. b4 Ra2 23. f4 Ke7 24. Nxa7 Rxa3 25. Nb5 Ra2 26. Nc7 Rc2
27. Nxe6 Kxe6 28. f5+ Kf7 29. Rd7+ Kf6 30. Rxb7 Re2 31. Rb6+ Kg5 32. f6 Rxe4
33. f7 Rf4 34. Rxf4 exf4 35. Rb7 Kf6 36. b5 Ke6 37. b6 Kd6 38. Rc7 Rb8 39. Kf2
Rxb6 40. f8=Q+ Kxc7 41. Qxf4+ Rd6 42. Qc4+ Kb6 43. Kf3 Rc6 44. Qd4+ Ka6 45.
Qd3+ Ka7 46. Qxh7+ Kb6 47. Qe4 Rc3+ 48. Qe3+ 1-0

[Event "DEM U12"]
[Site "Willingen"]
[Date "2006.06.07"]
[Round "7.28"]
[White "Gruber, Roland"]
[Black "Thanabalasingam, Ajandhan"]
[Result "1/2-1/2"]
[WhiteElo "1368"]
[BlackElo "1488"]
[PlyCount "47"]
[EventDate "2006.??.??"]
[EventType "swiss"]
[EventRounds "11"]
[EventCountry "GER"]

1. e4 e6 2. d4 d5 3. e5 c5 4. c3 Nc6 5. Nf3 Qb6 6. a3 c4 7. Nbd2 f6 8. exf6
Nxf6 9. g3 Bd6 10. Bh3 O-O 11. O-O Re8 12. Re1 e5 13. Bxc8 Raxc8 14. dxe5 Nxe5
15. Nxe5 Bxe5 16. Nf3 Bd6 17. Qc2 Bc5 18. Bg5 Ne4 19. Re2 Rf8 20. Bf4 Qg6 21.
Ne5 Qf5 22. Nxc4 Bxf2+ 23. Rxf2 Rxc4 24. Re2 1/2-1/2

[Event "DEM U12"]
[Site "Willingen"]
[Date "2006.06.07"]
[Round "7.29"]
[White "Fittkau, Nico"]
[Black "Kneip, Jakob"]
[Result "1-0"]
[WhiteElo "1436"]
[BlackElo "1204"]
[PlyCount "47"]
[EventDate "2006.??.??"]
[EventType "swiss"]
[EventRounds "11"]
[EventCountry "GER"]

1. e4 c5 2. Nf3 Nc6 3. c3 d5 4. exd5 Qxd5 5. d4 cxd4 6. cxd4 e6 7. Nc3 Bb4 8.
Bd2 Qd6 9. Nb5 Bxd2+ 10. Qxd2 Qd7 11. Qf4 Kd8 12. Bc4 Nf6 13. O-O a6 14. Nc3 b5
15. Bb3 Bb7 16. Rad1 Ne7 17. Ne5 Qe8 18. f3 Bd5 19. Bxd5 Nexd5 20. Nxd5 exd5
21. Rfe1 Ra7 22. Nxf7+ Qxf7 23. Qb8+ Kd7 24. Qxa7+ 1-0

[Event "DEM U12"]
[Site "Willingen"]
[Date "2006.06.07"]
[Round "7.30"]
[White "Schätz, Annika"]
[Black "Grzeca, Pascal"]
[Result "0-1"]
[WhiteElo "1406"]
[BlackElo "1359"]
[PlyCount "100"]
[EventDate "2006.??.??"]
[EventType "swiss"]
[EventRounds "11"]
[EventCountry "GER"]

1. e4 c6 2. d4 d5 3. exd5 cxd5 4. c4 e6 5. Nf3 Nf6 6. c5 Nc6 7. Nc3 Be7 8. Bd3
Qc7 9. O-O O-O 10. Bg5 a6 11. a3 h5 12. Re1 Re8 13. b4 g6 14. Bc2 Bd7 15. Qd3
Nh7 16. Bxe7 Nxe7 17. Nh4 Qf4 18. Nf3 Qc7 19. a4 b6 20. Ne5 Reb8 21. Rab1 Be8
22. Re3 Nf5 23. Ree1 Nf6 24. Qd2 Ne7 25. h3 Kg7 26. Rec1 a5 27. cxb6 Qxb6 28.
bxa5 Qxa5 29. Qd3 Nf5 30. Qd2 Nd6 31. Rxb8 Rxb8 32. Qe1 Rc8 33. Bb3 Nde4 34.
Nxe4 Qxe1+ 35. Rxe1 Nxe4 36. a5 Ra8 37. Ra1 Bb5 38. f3 Ng3 39. Kf2 Nf5 40. g4
hxg4 41. fxg4 Nxd4 42. Bd1 Kf6 43. Nf3 Nc6 44. Bc2 Rxa5 45. Rb1 Ra2 46. Rxb5
Rxc2+ 47. Kg3 Rc3 48. Kf2 Rxf3+ 49. Kxf3 Nd4+ 50. Kf4 Nxb5 0-1

[Event "DEM U12"]
[Site "Willingen"]
[Date "2006.06.07"]
[Round "7.31"]
[White "Schareck, Martin"]
[Black "Veit, Björn"]
[Result "1/2-1/2"]
[WhiteElo "1294"]
[BlackElo "1500"]
[PlyCount "28"]
[EventDate "2006.??.??"]
[EventType "swiss"]
[EventRounds "11"]
[EventCountry "GER"]

1. d4 d5 2. c4 e6 3. Nc3 Nf6 4. Bg5 Be7 5. e3 O-O 6. cxd5 Nxd5 7. Bxe7 Qxe7 8.
Nxd5 exd5 9. Bd3 c6 10. Nf3 Bg4 11. O-O Nd7 12. Be2 Rfe8 13. h3 Bf5 14. Bd3
Bxd3 1/2-1/2

[Event "DEM U12"]
[Site "Willingen"]
[Date "2006.06.07"]
[Round "7.32"]
[White "Spangenberg, Romy"]
[Black "Rafayevych, Vilen"]
[Result "0-1"]
[WhiteElo "1344"]
[BlackElo "1448"]
[PlyCount "116"]
[EventDate "2006.??.??"]
[EventType "swiss"]
[EventRounds "11"]
[EventCountry "GER"]

1. e4 c5 2. Nf3 Nc6 3. d4 cxd4 4. Nxd4 Nf6 5. Nc3 e5 6. Ndb5 d6 7. Bg5 a6 8.
Na3 b5 9. Nd5 Be7 10. Bxf6 Bxf6 11. c3 Bg5 12. Nc2 Be6 13. Nce3 Bxe3 14. Nxe3
O-O 15. Nd5 Ne7 16. c4 Bxd5 17. cxd5 f5 18. f3 fxe4 19. fxe4 Qb6 20. Be2 Qf2+
21. Kd2 Qxg2 22. Ke3 Qf2+ 23. Kd2 Qd4+ 24. Ke1 Qxe4 25. Rf1 Rxf1+ 26. Kxf1 Rf8+
27. Ke1 Qh1+ 28. Kd2 Qxd5+ 29. Kc1 Rc8+ 30. Kb1 Qxd1+ 31. Bxd1 d5 32. Bc2 d4
33. b3 Nd5 34. Kb2 Nb4 35. Bf5 Rd8 36. Re1 d3 37. Rd1 g6 38. Be4 d2 39. a3 Nd3+
40. Bxd3 Rxd3 41. Kc2 Rd8 42. Rxd2 Rxd2+ 43. Kxd2 Kf7 44. Ke3 Ke6 45. Ke4 g5
46. a4 b4 47. a5 h5 48. h3 g4 49. h4 Kd6 50. Kd3 Kd5 51. Ke3 e4 52. Ke2 Kd4 53.
Kd2 e3+ 54. Ke2 Ke4 55. Ke1 Kf3 56. Kf1 g3 57. Kg1 e2 58. Kh1 e1=Q# 0-1

[Event "DEM U12"]
[Site "Willingen"]
[Date "2006.06.07"]
[Round "7.33"]
[White "Kügel, Tobias"]
[Black "Zimmerer, Leah"]
[Result "1-0"]
[WhiteElo "1408"]
[BlackElo "1291"]
[PlyCount "89"]
[EventDate "2006.??.??"]
[EventType "swiss"]
[EventRounds "11"]
[EventCountry "GER"]

1. e4 c5 2. Nf3 Nc6 3. d4 cxd4 4. Nxd4 Nf6 5. Nc3 e5 6. Ndb5 d6 7. Bg5 a6 8.
Na3 b5 9. Nd5 Be7 10. Bxf6 Bxf6 11. c3 O-O 12. Bd3 Bg5 13. Qc2 Be6 14. O-O Ne7
15. Kh1 Bxd5 16. exd5 f5 17. f3 Kh8 18. Qb3 Qe8 19. c4 bxc4 20. Bxc4 Qh5 21.
Kg1 Rab8 22. Qc3 Rfc8 23. Qd3 Rxb2 24. Bxa6 Bf4 25. h3 Qg5 26. Rf2 Be3 27. Raf1
Qg3 28. Qxe3 Nxd5 29. Qd3 Rxf2 30. Rxf2 Nf4 31. Qxf5 Rc1+ 32. Bf1 h6 33. Qg4
Qxg4 34. hxg4 d5 35. Rc2 Rxc2 36. Nxc2 d4 37. Nb4 Kg8 38. Nd3 Nd5 39. Nxe5 Nb4
40. Bc4+ Kf8 41. Nd3 Nxd3 42. Bxd3 Ke7 43. Kf2 Kd6 44. Bc4 Kc5 45. Bb3 1-0